Memoria leída por el secretario de la Escuela Normal Central César de Eguílaz (Record no. 98690)

MARC details
000 -LEADER
campo de control de longitud fija 00710nam a22001695i 4500
001 - NÚMERO DE CONTROL
campo de control 98690
003 - IDENTIFICADOR DE NÚMERO DE CONTROL
campo de control ES-MaACL
007 - CAMPO FIJO DE DESCRIPCIÓN FÍSICA--INFORMACIÓN GENERAL
campo de control de longitud fija t|
008 - DATOS DE LONGITUD FIJA--INFORMACIÓN GENERAL
campo de control de longitud fija 950918s1859 sp ||||1| spa d
040 ## - FUENTE DE CATALOGACIÓN
Centro catalogador/agencia de origen CAM
Lengua de catalogación spa
Centro/agencia transcriptor CAM
100 1# - ENTRADA PRINCIPAL--NOMBRE DE PERSONA
Nombre de persona Eguílaz, César de.
9 (RLIN) 46757
245 10 - MENCIÓN DEL TÍTULO
Título Memoria leída por el secretario de la Escuela Normal Central César de Eguílaz
Resto del título : en el...acto de distribución de premios entre los niños que asisten á las escuelas prácticas de la misma, correspondiente al curso de 1857 á 1858.
260 ## - PUBLICACIÓN, DISTRIBUCIÓN, ETC.
Lugar de publicación, distribución, etc. Madrid :
Nombre del editor, distribuidor, etc. [s.n.],
Fecha de publicación, distribución, etc. 1859 (
Fabricante Impr. y Librería de la Viuda de Vázquez e hijos)
300 ## - DESCRIPCIÓN FÍSICA
Extensión 11 p. ;
Dimensiones 21 cm.
710 2# - ENTRADA AGREGADA--NOMBRE DE ENTIDAD CORPORATIVA
Nombre de entidad corporativa o nombre de jurisdicción como elemento de entrada Escuela Normal Central (Madrid)
9 (RLIN) 3581
852 ## - LOCALIZACIÓN
Ubicación ES-MaACL
Número de control de estantería T-339-F-3
Holdings
Estatus retirado Estado de pérdida Estado de daño No para préstamo Colección Biblioteca de origen Biblioteca actual Ubicación en estantería Fecha de adquisición Fuente de adquisición Total de préstamos Signatura topográfica completa Código de barras Visto por última vez Precio de reemplazo Tipo de ítem Koha
        Colección de folletos Biblioteca del Ateneo de Madrid Biblioteca del Ateneo de Madrid Depósito folletos 17/01/2008     T-339-F-3 1103029 23/02/2023 23/02/2023 Folleto